College Quizbowl Stats
College Quizbowl Stats
Circuits
Seasons
Sets
Records
Detailed Stats
About
Loading...
2024 ACF Winter at Ohio State
Tossups
Bonuses
Players
Teams
Categories (Tossup)
Categories (Bonus)
WIll Romanyk (UG)
Michigan State B
Categories
Category
Powers
Gets
Negs
BBs
Points
Earliest Buzz
Avg. Buzz
First Buzzes
Top 3 Buzzes
Fine Arts - Other Fine Arts
0
2
0
0
20
95
109.50
0
0
Fine Arts - Visual Fine Arts
0
1
0
1
10
122
122.00
0
0
History - American History
0
1
0
1
10
124
124.00
0
0
Science - Other Science
0
1
0
0
10
99
99.00
0
1
Buzzes
Category
Answer
Value
Buzz Position
Fine Arts - Other Fine Arts
nightclubs
10
95
Science - Other Science
temperature
10
99
Fine Arts - Visual Fine Arts
colors
10
122
History - American History
1964
10
124
Fine Arts - Other Fine Arts
Herbie Hancock
10
124
Previous
1
Next